All Formula One Team with their logo - Statistics

General Stats
  • This quiz has been taken 45 times
  • The average score is 39 of 135
Answer Stats
Picture Hint Answer % Correct
1950 - now | Italy Ferrari
100%
1950 - 1985 | 2018 - 2023 | Italy Alfa Romeo
95%
1959 - 1960 | 2021 - now | UK Aston Martin
91%
1952 - 1953 | Germany Bayerische Motoren Werke
91%
1964 - 1968 | 2006 - 2008 | Japan Honda
91%
1954 - 1955 | 2010 - now | Germany Mercedes
91%
1958 - 1964 | Germany Porsche
91%
2026 - now Audi
86%
1950 - 1957 | Italy Maserati
86%
1966 - now | UK McLaren
86%
2006 - 2010 | Germany BMW
82%
2026 - now Cadillac
82%
2005 - now | Austria Red Bull
82%
1977 - 1985 | 2002 - 2011 | 2016 - 2020 | France Renault
82%
2019 - 2023 | Italy Alpha Tauri
77%
2021 - now | France Alpine
77%
2016 - now | USA Haas
77%
2008 - 2018 Force India
73%
2000 - 2004 | UK Jaguar
73%
1959 - 1994 | UK Lotus
73%
2018 - 2020 | UK Racing Point
73%
1977 - now | UK Williams
73%
2024 - now Racing Bulls
68%
2006 - 2019 | Italy Toro Rosso
68%
2012 - 2015 | UK Lotus
64%
1958 | France Bugatti
59%
1993 - 2005 | 2011 - 2018 | 2024 - 2025 | Switzerland Sauber
59%
1986 - 2001 | Italy Benetton
55%
2010 - 2012 | Spain HRT
55%
2009 | UK Brawn GP
50%
2010 - 2014 | Malaysia Caterham
45%
1954 - 1955 | Italy Lancia
45%
1991 - 2005 | Ireland Jordan
41%
2012 - 2015 | Russia Marussia
41%
1985 - 2005 | Italy Minardi
41%
1999 - 2005 | UK British American Racing (BAR)
36%
1950 - 1969 | UK Cooper
36%
2016 | UK Manor
36%
2002 - 2009 | Japan Toyota
36%
2010 - 2011 | Russia Virgin
36%
2007 | Netherland Spyker
32%
2006 - 2008 | Japan Super Aguri
32%
1954 - 1960 | UK Vanwall
32%
1963 - 1964 | UK British Racing Partnership (BRP)
27%
1988 - 1992 | Italy Dallara
27%
1975 - 1982 | Brazil Fittipaldi
27%
1976 - 1996 | France Ligier
27%
2006 | Russia Midland
27%
1950 - 1951 | France Talbot
27%
1970 - 1998 | UK Tyrrell
27%
1978 - 2002 | UK Arrows
23%
1986 - 1991 | France Automobiles Gonfaronnaises Sportives (AGS)
23%
1956 - 1962 | UK Emeryson
23%
1991 - 1992 | Italy Fondmetal
23%
1952 - 1956 | France Gordini
23%
1985 - 1986 | USA Haas Lola
23%
1990 - 1991 | UK Leyton House
23%
1997 - 2001 | France Prost GP
23%
1994 - 1995 | UK Simtek
23%
1985 - 1989 | Germany Zakspeed
23%
1992 | Italy Andrea Moda
18%
1951 - 1977 | UK British Motor Racing (BRM)
18%
1961 - 1970 | Italy De Tomaso
18%
1966 - 1969 | USA Eagle
18%
1974 - 1978 | UK Hesketh
18%
1966 - 1972 | France Matra
18%
1989 - 1990 | UK Onyx
18%
1980 - 1990 | Italy Osella
18%
1994 - 1995 | UK Pacific
18%
1973 - 1980 | UK/USA Shadow
18%
1981 - 1985 | UK Toleman
18%
1976 - 1977 | UK Boro
14%
1950 - 1959 | UK Connaught
14%
1995 - 1996 | Italy Forti Corse
14%
1988 - 1989 | Germany Rial
14%
1997 - 1999 | UK Stewart GP
14%
1970 - 1978 | UK Surtees
14%
1978 - 1983 | Hong Kong Theodore
14%
1977 - 1979 | Canada Walter Wolf
14%
1974 | NZ Amon
9%
1977 | Switzerland Apollon
9%
1977 - 1984 | Germany Auto Technisches Spezialzubelhör (ATS)
9%
1988 - 1994 | Italy BMS
9%
1962 - 1992 | UK Brabham
9%
1987 - 1991 | Italy Coloni
9%
1972 | Germany Eifelland Racing
9%
1973 - 1975 Embassy
9%
1950 - 1952 | UK English Racing Automobiles (ERA)
9%
1988 - 1990 | Italy Eurobrun
9%
1952 | UK Frazer Nash
9%
1961 - 1963 | UK Gilby
9%
1973 - 1975 | Italy Iso
9%
1959 - 1961 | UK JBW
9%
1954 | Germany Klenk
9%
1976 - 1977 | Japan Kojima
9%
1950 - 1960 | USA Kurtis Kraft
9%
1987 - 1991 | France Larrousse
9%
1962 - 1968 | South Africa LDS
9%
1977 | UK LEC
9%
1990 | Italy Life
9%
1970 - 1992 | UK March
9%
1978 | France Martini
9%
1974 - 1977 | USA Penske
9%
1984 - 1985 | UK RAM
9%
1963 - 1964 | USA Scirocco-Powell
9%
1983 - 1985 | UK Spirit
9%
1974 | UK Token
9%
1951 - 1953 | Germany Veritas
9%
1952 - 1953 | Germany Alex von Falkenhausen Motorenbau (AFM)
5%
1950 - 1951 | UK Alta
5%
1963 | Italy Automobili Turismo e Sport (ATS)
5%
1970 - 1971 | Italy Belllasi
5%
1972 | UK Connew
5%
1953 | Eastern Germany Eisenacher Motorenwerk
5%
1973 - 1982 | UK Ensign
5%
1961 | UK Ferguson
5%
1950 - 1951 | UK Hersham and Walton (HWM)
5%
1975 | UK Lyncar
5%
1991 | Italy Modena
5%
1951 - 1953 | Italy O.S.C.A.
5%
1972 | UK Politoys
5%
1979 | UK Rebaque
5%
1960 | USA Scarab
5%
1966 | UK Shannon
5%
1950 - 1953 | France Simca
5%
1963 | Canada Stebro
5%
1978 - 1979 | Italy Team Merzario
5%
1972 - 1973 | Italy Tecno
5%
1974 - 1976 | USA Vel's Parnelli Jones
5%
1992 | France Venturi
5%
1955 - 1962 | Belgium Belgium National Team
0%
1990 | Switzerland Monteverdi
0%
1983 | UK RAM March
0%
1974 | UK Trojan Tauranac
0%
1952 | UK WS Aston
0%
No matching quizzes found
Score Distribution
Percent of People with Each Score
Percentile by Number Answered
Your Score History
You have not taken this quiz